1.FC Heidenheim 1846 Squad 2023-2024 - Statistics

General Stats
  • This quiz has been taken 39 times
  • The average score is 15 of 29
Answer Stats
# Position Nation Player % Correct
37 FW Germany Jan-Niklas Beste
96%
10 FW Germany Tim Kleindienst
93%
1 GK Germany Kevin Müller
89%
33 MF United States Lennard Maloney
82%
8 FW Germany Eren Dinkci
79%
23 DF Germany Omar Haktab Traoré
75%
- Coach Germany Frank Schmidt
68%
19 DF Germany Jonas Föhrenbach
68%
6 DF Germany Patrick Mainka
68%
18 FW Germany Marvin Pieringer
64%
5 MF Germany Benedikt Gimber
57%
4 DF Germany Tim Siersleben
57%
20 FW Austria Nikola Dovedan
54%
21 MF Germany Adrian Beck
50%
17 FW Germany Florian Pick
50%
2 DF Germany Marnon Busch
50%
11 MF Germany Denis Thomalla
46%
3 MF Germany Jan Schöppner
46%
16 MF Germany Kevin Sessa
46%
30 MF Germany Norman Theuerkauf
36%
24 FW Germany Christian Kühlwetter
32%
34 GK Austria Paul Tschernuth
32%
22 GK Germany Vitus Eicher
32%
40 GK Germany Frank Feller
29%
27 DF Germany Thomas Keller
29%
9 FW Germany Stefan Schimmer
25%
36 MF Germany Luka Janeš
21%
29 DF Gambia Seedy Jarju
21%
44 FW Kosovo Elidon Qenaj
18%
No matching quizzes found
Score Distribution
Percent of People with Each Score
Percentile by Number Answered
Your Score History
You have not taken this quiz